Смита М.

Доступно только в Электронных читальных залах Найти на картеНа карте
RUSMARC
00003881nac2a22002891x 450
0012e124bb0-68a4-4d87-8819-129efb2d8c0a
00520140110054919.0
100##$a20130529l19051905k y0rusy50 ca
1010#$arus
102##$aRU
105##$ay z |||||
1222#$ad19050929
$ad19051229
2001#$aСмита М.
$j29 сентября - 29 декабря 1905
215##$a10 листов
251##$cДело
300##$aЗаголовок дела на конверте: Письма Смита М. Кони Анатолию Федоровичу
300##$aС пометами Кони А. Ф.
300##$aРукописный текст
330##$aПереписка А. Ф. Кони; Письма к А. Ф. Кони
461#0$10013a54f2e3-e9cf-409b-80fa-f0a9bd3c40cb
$12001
$aКони Анатолий Федорович, юрист, литератор, член академии наук, председатель Санкт-Петербургского окружного суда, член государственного совета
$1251
$cФонд
$1852
$j564
462#0$100178a475cd-a47d-4377-bff3-cee4b81de655
$12001
$aОпись дел фонда А. Ф. Кони за 1880-1931 гг.
$1251
$cОпись
$1852
$j1
517##$aПисьма Смита М. Кони Анатолию Федоровичу
600#1$aКони
$bА. Ф.
$f1844-1927
$gАнатолий Федорович
600#1$aСмит
$bМ.
801#0$aRU
$bGA_RF
801#1$aRU
$bНПО Опыт
$c20130529
$2rusmarc
801#2$aRU
$bПБ им. Б.Н. Ельцина
$c20140110
$gRCR
$2rusmarc
852##$aГА РФ
$j3231
937##$d42666563
$hПБ
035##$aRuPRLIB51004505
Формат отображения